A list of orchid hybrids of Singapore and Malaysia, 1960-1980 / (Record no. 12387)
[ view plain ]
| 000 -LEADER | |
|---|---|
| fixed length control field | 00450cam a2200157 a 4500 |
| 040 ## - CATALOGING SOURCE | |
| Transcribing agency | DLC |
| 082 00 - DEWEY DECIMAL CLASSIFICATION NUMBER | |
| Classification number | 635 SIN 1983 A042 Or. |
| 100 1# - MAIN ENTRY--AUTHOR NAME | |
| Personal name | Phang, V. P. E. |
| 245 12 - TITLE STATEMENT | |
| Title | A list of orchid hybrids of Singapore and Malaysia, 1960-1980 / |
| 260 ## - PUBLICATION, DISTRIBUTION, ETC. (IMPRINT) | |
| Place of publication | Singapore : |
| Name of publisher | Singapore University Press, National University of Singapore, |
| Year of publication | c1983. |
| 300 ## - PHYSICAL DESCRIPTION | |
| Number of Pages | v, 85 p. ; |
| Dimensions | 24 cm. |
| 650 #0 - SUBJECT ADDED ENTRY--TOPICAL TERM | |
| Topical Term | Orchids |
| 650 #0 - SUBJECT ADDED ENTRY--TOPICAL TERM | |
| Topical Term | Orchids |
| 650 #0 - SUBJECT ADDED ENTRY--TOPICAL TERM | |
| Topical Term | Orchids |
| 942 ## - ADDED ENTRY ELEMENTS (KOHA) | |
| Koha item type | សៀវភៅភាសាអង់គ្លេស |
| 952 ## - LOCATION AND ITEM INFORMATION (KOHA) | |
| Withdrawn status [LOCAL, KOHA] | 0 |
| Permanent Location | Date acquired | Koha item type | Lost status | Shelving location | Barcode | Current Location | Full call number |
|---|---|---|---|---|---|---|---|
| Library Block A | 2017-08-12 | សៀវភៅភាសាអង់គ្លេស | A042 | A18379 | Library Block A | 635 SIN 1983 A042 Or. |